| 000 | 01485nam0a2200373 4500 | ||
|---|---|---|---|
| 001 | RU\NLR\BIBL_A\022619077 | ||
| 005 | 20251216133250.0 | ||
| 010 | _a978-5-905623-51-6 | ||
| 021 |
_aRU _bКН-П-25-042813 _9КН-П-25-4170 |
||
| 035 | _a(NLR Aleph) 022619077 | ||
| 090 |
_a13504695 _c13504695 |
||
| 100 | _a20250910d2025 u y0rusy50 ca | ||
| 101 | 0 | _arus | |
| 102 | _aRU | ||
| 105 | _aach z 000zb | ||
| 181 | 0 |
_ai3 _baxxe |
|
| 182 | 0 | _an | |
| 200 | 1 |
_aОн увидел солнце. Егор Летов и его время _fАлександр Горбачев |
|
| 203 |
_aТекст _bвизуальный _cнепосредственный |
||
| 210 |
_aМосква _cВыргород _d2025 |
||
| 215 |
_a439 с., [16] л. ил., цв. ил., портр., цв. портр., факс. _cил., портр. _d25 |
||
| 320 | _aБиблиогр.: с. 397-439 и в тексте | ||
| 333 | _a18+ | ||
| 600 | 1 |
_aЛетов _bЕ. _f1964 - 2008 _gЕгор _92186010 _3RU\NLR\AUTH\661314299 |
|
| 686 | 1 | _aЩ364.13(2)7-83Летов | |
| 686 | 1 | _aШ5(2=Р)7-4Летов | |
| 700 | 1 |
_aГорбачев _bА. В. _f1984- _gАлександр Витальевич |
|
| 702 | 1 |
_4280 _7ca _8rus _aЛетов _bЕ. _f1964-2008 _gЕгор _999628 _3RU\NLR\AUTH\77116703 |
|
| 942 | _cBOOK | ||
| 980 | _aIA | ||
| 980 | _aNB | ||
| 996 |
_aиноагент _bp _cГорбачев Александр Витальевич |
||